000 00320nam a2200133Ia 4500
005 20260328104338.0
008 260328s9999||||xx |||||||||||||| ||und||
100 _aBullaude, José
245 0 _aEl Nuevo Mundo de la Imagen /
_cJosé Bullaude
260 _bEudeba
300 _a90 p.
650 _aESCUELAS
942 _cBK
999 _c11984
_d11984